000
00299nam a22001337a 4500
008
170502b xxu||||| |||| 00| 0 eng d
020
_a
9780135540800
041
_a
eng
080
_a
34
100
_a
13
101
_a
SHJ
245
_a
MULTICULTURAL LAW ENFORCEMENT
_c
SHUSTA, R.M
942
_2
udc
_c
BK
999
_c
12343
_d
12343